000 00495cam a2200193 4500
001 B1367
008 090401t1986 xxu||||| |||| 00| 0 eng d
035 _a(Sirsi) u44041
041 _aeng
050 _a711.55209421
100 _aSmith, Gordon
245 _aRetail warehouses in London
260 _aLondon
_bLondon Research Centre
_c1986
300 _aiii,17,(26)p. : ill., map ; 30cm.
350 _a15
490 _aReview
_v30 s and Studies Series
942 _n0
948 _c04/03/1997
999 _c91425
_d91425